Modernidad y ética cristiana / (Record no. 109775)
[ view plain ]
| 000 -LEADER | |
|---|---|
| campo de control de longitud fija | 00567nam a2200181 4500 |
| 001 - NÚMERO DE CONTROL | |
| campo de control | 109775 |
| 003 - IDENTIFICADOR DE NÚMERO DE CONTROL | |
| campo de control | ES-MaACL |
| 007 - CAMPO FIJO DE DESCRIPCIÓN FÍSICA--INFORMACIÓN GENERAL | |
| campo de control de longitud fija | t| |
| 008 - DATOS DE LONGITUD FIJA--INFORMACIÓN GENERAL | |
| campo de control de longitud fija | 061121s1982 sp r ||||1| spa d |
| 245 00 - MENCIÓN DEL TÍTULO | |
| Título | Modernidad y ética cristiana / |
| Mención de responsabilidad, etc. | Instituto Superior de Ciencias Morales. |
| 260 ## - PUBLICACIÓN, DISTRIBUCIÓN, ETC. | |
| Lugar de publicación, distribución, etc. | Madrid : |
| Nombre del editor, distribuidor, etc. | P.S., |
| Fecha de publicación, distribución, etc. | 1982. |
| 300 ## - DESCRIPCIÓN FÍSICA | |
| Extensión | 214 p. ; |
| Dimensiones | 22 cm. |
| 490 1# - MENCIÓN DE SERIE | |
| Mención de serie | Estudios de ética teológica |
| 710 2# - ENTRADA AGREGADA--NOMBRE DE ENTIDAD CORPORATIVA | |
| Nombre de entidad corporativa o nombre de jurisdicción como elemento de entrada | Instituto Superior de Ciencias Morales. |
| 9 (RLIN) | 5240 |
| 830 0# - PUNTO DE ACCESO ADICIONAL DE SERIE-TÍTULO UNIFORME | |
| Título uniforme | Estudios de ética teológica |
| 9 (RLIN) | 185600 |
| 852 ## - LOCALIZACIÓN | |
| Ubicación | ES-MaACL |
| Número de control de estantería | L-3876 |
| Sublocalización o colección | R.104893 |
| Estatus retirado | Estado de pérdida | Estado de daño | No para préstamo | Biblioteca de origen | Biblioteca actual | Ubicación en estantería | Fecha de adquisición | Fuente de adquisición | Total de préstamos | Signatura topográfica completa | Código de barras | Visto por última vez | Precio de reemplazo | Tipo de ítem Koha |
|---|---|---|---|---|---|---|---|---|---|---|---|---|---|---|
| Biblioteca del Ateneo de Madrid | Biblioteca del Ateneo de Madrid | Depósito 2 | 17/01/2008 | L-3876 | 1114537 | 23/02/2023 | 23/02/2023 | Libro impreso |
